Legal and criminal psychology (Record no. 1161319)

MARC details
000 -LEADER
fixed length control field 00602nam a2200229Ia 4500
003 - CONTROL NUMBER IDENTIFIER
control field OSt
005 - DATE AND TIME OF LATEST TRANSACTION
control field 20221007080916.0
008 - FIXED-LENGTH DATA ELEMENTS--GENERAL INFORMATION
fixed length control field 221006b |||||||| |||| 00| 0 eng d
037 ## - SOURCE OF ACQUISITION
Terms of availability Textual
040 ## - CATALOGING SOURCE
Original cataloging agency FLL
Transcribing agency FLL
Language of cataloging eng
041 ## - LANGUAGE CODE
Source of code eng
Language code of text/sound track or separate title eng
100 ## - MAIN ENTRY--PERSONAL NAME
Personal name Toch Hans
9 (RLIN) 34919
245 #0 - TITLE STATEMENT
Title Legal and criminal psychology
260 ## - PUBLICATION, DISTRIBUTION, ETC.
Place of publication, distribution, etc. New York
Name of publisher, distributor, etc. Holt Rinehart and Winston U.S.A.
Date of publication, distribution, etc. 1961
300 ## - PHYSICAL DESCRIPTION
Extent xviii,426p
Dimensions cm.
942 ## - ADDED ENTRY ELEMENTS (KOHA)
Classification part S650Z, K1
Koha item type Textual
Source of classification or shelving scheme Colon Classification (CC)
Holdings
Withdrawn status Lost status Source of classification or shelving scheme Damaged status Not for loan Home library Current library Date acquired Total Checkouts Full call number Barcode Date last seen Price effective from Koha item type
    Colon Classification (CC)     Faculty of Law Library Faculty of Law Library 2022-10-07   S650Z K1 LL0188092 2022-10-07 2022-10-07 Textual
Copyright @ Delhi University Library System